[Event "KB Rapid Match"]
[Site "Reykjavic ISL"]
[Date "2003.11.13"]
[Round "5"]
[White "Olafsson,F"]
[Black "Larsen,Be"]
[Result "1-0"]
[WhiteElo "2452"]
[BlackElo "2470"]
[EventDate "2003.11.11"]

1. c4 Nf6 2. Nf3 b6 3. g3 Bb7 4. Bg2 e6 5. b3 Be7 6. O-O O-O 7. Bb2 d5 8.
e3 c5 9. Qe2 Nbd7 10. Nc3 Ne4 11. cxd5 Nxc3 12. Bxc3 Bxd5 13. e4 Bb7 14.
Rfd1 Nf6 15. Ne5 Qc7 16. Rac1 Rac8 17. Bb2 Qb8 18. d3 Rcd8 19. h4 Nd7 20.
Ng4 f6 21. Bh3 Rfe8 22. h5 Bd6 23. h6 f5 24. Bxg7 fxg4 25. Qxg4 Kf7 26. d4
cxd4 27. Rd3 Ne5 28. Bxe5 Bxe5 29. Rf3+ Ke7 30. Qxe6+ 1-0

[Event "KB Rapid Match"]
[Site "Reykjavic ISL"]
[Date "2003.11.13"]
[Round "6"]
[White "Larsen,Be"]
[Black "Olafsson,F"]
[Result "1/2-1/2"]
[WhiteElo "2470"]
[BlackElo "2452"]
[EventDate "2003.11.11"]

1. e4 g6 2. d4 Bg7 3. c3 d6 4. Bg5 Nc6 5. Nd2 h6 6. Be2 Nf6 7. Be3 e5 8.
dxe5 Nxe5 9. h3 O-O 10. Ngf3 Qe7 11. Nxe5 Qxe5 12. Bf3 Bd7 13. O-O Bc6 14.
Re1 Qe7 15. Bd4 Nd7 16. Nc4 Ne5 17. Bxe5 Bxe5 18. Qd2 Qg5 19. Rad1 a5 20.
Qxg5 hxg5 21. Kf1 Kg7 22. Nxe5 dxe5 23. Be2 Kf6 24. Bc4 Ke7 25. Re3 Rad8
26. Rxd8 Rxd8 1/2-1/2

[Event "KB Rapid Match"]
[Site "Reykjavic ISL"]
[Date "2003.11.14"]
[Round "7"]
[White "Olafsson,F"]
[Black "Larsen,Be"]
[Result "1/2-1/2"]
[WhiteElo "2452"]
[BlackElo "2470"]
[EventDate "2003.11.11"]

1. d4 e6 2. c4 Bb4+ 3. Nd2 d5 4. e3 Nf6 5. Ngf3 O-O 6. a3 Be7 7. Bd3 b6 8.
O-O c5 9. cxd5 exd5 10. b3 Bb7 11. Bb2 Nbd7 12. Ne5 cxd4 13. exd4 Ne4 14.
Qe2 f5 15. Nxd7 Qxd7 16. Nf3 Bd6 17. Ne5 Bxe5 18. dxe5 f4 19. f3 Nc5 20.
Bb5 Bc6 21. Bxc6 Qxc6 22. b4 Ne6 23. Rac1 Qd7 24. Rfd1 Rac8 25. Qd3 Rxc1
26. Bxc1 Rd8 27. g3 Qf7 28. Kg2 h5 29. Kh1 fxg3 30. hxg3 h4 31. Kg2 Qh5 32.
Rh1 Qxe5 33. Rxh4 Nf8 34. Be3 Qb2+ 35. Kh3 Qf6 36. Bd4 Qe6+ 37. Kg2 Re8 38.
Rg4 Re7 39. Rg5 Qd7 40. Bf6 Rf7 41. Rxd5 Qe6 42. Be5 Rd7 43. Rxd7 Nxd7 44.
Bb2 Nf6 45. Bxf6 1/2-1/2

[Event "KB Rapid Match"]
[Site "Reykjavic ISL"]
[Date "2003.11.14"]
[Round "8"]
[White "Larsen,Be"]
[Black "Olafsson,F"]
[Result "1/2-1/2"]
[WhiteElo "2470"]
[BlackElo "2452"]
[EventDate "2003.11.11"]

1. e4 g6 2. f4 Bg7 3. Nf3 d6 4. Be2 Nf6 5. d3 O-O 6. O-O c5 7. a4 Nc6 8.
Na3 d5 9. e5 Ne8 10. c3 Bg4 11. Nc2 Rc8 12. Ng5 Bxe2 13. Qxe2 Nc7 14. d4 f6
15. Nf3 fxe5 16. fxe5 cxd4 17. Ncxd4 Nxd4 18. Nxd4 Rxf1+ 19. Qxf1 Bxe5 20.
Bh6 Qd6 21. h3 Bg7 1/2-1/2